| 000 | 00490nam a2200157Ia 4500 | ||
|---|---|---|---|
| 008 | 160316s2009 xxu||||| |||| 00| 0 eng d | ||
| 082 |
_a333.200000 _bOST |
||
| 100 | _aOstrom Elinor | ||
| 245 | _aGoverning the common : The evolution of institutions for collective action | ||
| 250 | _a | ||
| 260 |
_aCambridge _bCambridge University Press _c2009 |
||
| 300 |
_a280p _b _cxiii |
||
| 365 | _b Rs. 1,301 | ||
| 650 | _a1. Commons - Case Studies 2. Social Choice - Case Studies | ||
| 700 |
_a _a |
||
| 999 |
_c26623 _d26623 |
||